Statistics for Factors of 450

Click here to take the quiz!

General Stats

  • This quiz has been taken 59 times
  • The average score is 17 of 18

Answer Stats

Answer% Correct
1
100%
10
100%
15
100%
2
100%
3
100%
45
100%
5
100%
6
100%
9
100%
18
95%
30
95%
50
95%
225
90%
25
90%
450
90%
90
76%
150
67%
75
52%

Score Distribution

Percentile by Number Answered

Percent of People with Each Score

Your Score History

You have not taken this quiz